Statystyki dla Skład Liverpoolu 2021/22

Kliknij tutaj aby rozwiązać quiz!

Ogólne statystyki

  • Ten quiz został rozwiązany 564 razy
  • Średni wynik to 20 z 27

Statystyki odpowiedzi

PozycjaPiłkarz% Poprawnych
PNMohamed Salah
99%
BRAlisson
98%
ŚOVirgil van Dijk
98%
LNSadio Mane
96%
POTrent Alexander-Arnold
96%
LOAndrew Robertson
94%
ŚNRoberto Firmino
94%
ŚOJoel Matip
88%
ŚPJordan Henderson
88%
ŚPDFabinho
85%
ŚOJoe Gomez
84%
ŚNDiogo Jota
83%
ŚPThiago
79%
LNLuis Diaz
74%
ŚPJames Milner
73%
ŚOIbrahima Konate
72%
BRAdrian
71%
LOKonstantinos Tsimikas
70%
ŚPNaby Keita
69%
BRCaoimhin Kelleher
64%
ŚNDivock Origi
64%
BRLoris Karius
63%
LNTakumi Minamino
55%
ŚPCurtis Jones
53%
PNHarvey Elliott
47%
ŚPAlex Oxlade-Chamberlain
45%
ŚORhys Williams
26%

Rozkład punktacji

Percentyl według liczby udzielonych odpowiedzi

Procent ludzi z każdym wynikiem

Twoja historia wyników

Nie rozwiązałeś tego quizu